Counter-terrorism legislation as a proxy for "improper influence" in the judiciary by the executive and legislature

In this article, counter-terrorism law provides a suitable proxy for the dyadic influence of the executive and the legislature on the judiciary. Counter-terrorism law of a democratic nation is often a product of both the executive and the legislative branches of government. Yet this law has substant...

Teljes leírás

Elmentve itt :
Bibliográfiai részletek
Szerző: Oyoo Were Boaz
Dokumentumtípus: Cikk
Megjelent: Szegedi Tudományegyetem, Állam- és Jogtudományi Kar, Összehasonlító Jogi és Jogelméleti Intézet Szeged 2020
Sorozat:Comparative Law Working Papers 4 No. 2
Kulcsszavak:Terrorizmus - nemzetközi jog, Biztonságpolitika, Igazságszolgáltatás
Tárgyszavak:
Online Access:http://acta.bibl.u-szeged.hu/86604
LEADER 01425nab a2200217 i 4500
001 acta86604
005 20250214091839.0
008 250214s2020 hu o 000 eng d
022 |a 2560-1911 
040 |a SZTE Egyetemi Kiadványok Repozitórium  |b hun 
041 |a eng 
100 2 |a Oyoo Were Boaz 
245 1 0 |a Counter-terrorism legislation as a proxy for "improper influence" in the judiciary by the executive and legislature  |h [elektronikus dokumentum] /  |c  Oyoo Were Boaz 
260 |a Szegedi Tudományegyetem, Állam- és Jogtudományi Kar, Összehasonlító Jogi és Jogelméleti Intézet  |b Szeged  |c 2020 
300 |a 11 
490 0 |a Comparative Law Working Papers  |v 4 No. 2 
520 3 |a In this article, counter-terrorism law provides a suitable proxy for the dyadic influence of the executive and the legislature on the judiciary. Counter-terrorism law of a democratic nation is often a product of both the executive and the legislative branches of government. Yet this law has substantial bearing on the independence of the judiciary. The present paper employs it as a substituted measure (proxy variable) of the executive and the legislative influence on the judiciary. 
650 4 |a Társadalomtudományok 
650 4 |a Jogtudomány 
695 |a Terrorizmus - nemzetközi jog, Biztonságpolitika, Igazságszolgáltatás 
856 4 0 |u http://acta.bibl.u-szeged.hu/86604/1/comparative_law_2020_002_008.pdf  |z Dokumentum-elérés